Paroles opium - Statistiques

Statistiques générales
  • Ce quiz a été pris 4 fois
  • Le résultat moyen est 7 sur 48
Statistiques - réponses
Réponse % Correct
Dans le port de Saïgon
100%
Au paradis enchanteur
25%
C'est toi qui nous élève
25%
C'est toi qui nous élève
25%
C'est toi qui nous élève
25%
Fumée qui monte au ciel
25%
Fumée qui monte au ciel
25%
Fumée qui monte au ciel
25%
J'ai laissé prendre mon cœur
25%
Je vois le doux visage
25%
Je vois le doux visage
25%
Je vois le doux visage
25%
Le fumeur se représente
25%
Les lanternes qui se voilent
25%
Les yeux de mon aimée
25%
Les yeux de mon aimée
25%
Les yeux de mon aimée
25%
Mystérieuse et sournoise
25%
N'existe pas sur la terre
25%
Opium, poison de rêve
25%
Opium, poison de rêve
25%
Opium, poison de rêve
25%
Plein de merveilleux mensonges
25%
Puisqu'on dit que le bonheur
25%
À l'abri du demi-jour
0%
Au gré de la fumée lente
0%
Aux paradis artificiels
0%
Aux paradis artificiels
0%
Aux paradis artificiels
0%
Cherchant des coussins profonds
0%
Dans l'ivresse de mes songes
0%
Dans ton nuage, fumée
0%
Dans ton nuage, fumée
0%
Dans ton nuage, fumée
0%
Est une jonque chinoise
0%
Et qui pâlissent tour à tour
0%
Les Européens se glissent
0%
Les plus beaux rêves d'amour
0%
Mais le soir au parfum lourd
0%
Mais le soir dans l'entrepont
0%
Par toi j'ai son image
0%
Par toi j'ai son image
0%
Par toi j'ai son image
0%
Puisse nous conduire ailleurs
0%
Quand la nuit se fait complice
0%
Que l'aile de mes chimères
0%
Qu'on ne connaît pas de nom
0%
Sont de petites étoiles
0%
Aucun quiz correspondant
Distribution des résultats
% des personnes avec chaque résultat
Percentile par nombre de réponses
Votre historique - résultats
Vous n’avez pas pris ce quiz